| 000 | 00606nam a2200205Ia 4500 | ||
|---|---|---|---|
| 001 | 13522 | ||
| 003 | IVS | ||
| 005 | 20250626030849.0 | ||
| 008 | 211022s9999 xx 000 0 und d | ||
| 040 | _cIVS | ||
| 082 | _a741.6 MUR | ||
| 100 | _aMurtaza Irfan Ali | ||
| 245 | 0 | _aWhat have been the factors in the image and aesthetic formation of the Pakistani Rupee? | |
| 260 | _aKarachi | ||
| 260 | _bIndus Valley School of Art & Architecture | ||
| 260 | _c2017 | ||
| 300 | _a107 | ||
| 856 | _uhttps://drive.google.com/file/d/1-dq_OACteV95hKbiSh-NP0BEh0NdS8ZW/view?usp=sharing | ||
| 942 |
_cDISS _n0 _2ddc |
||
| 999 |
_c13177 _d13177 |
||